[Event "EU-Cup 39th"]
[Site "Vrnjacka Banja"]
[Date "2024.10.20"]
[Round "1.5"]
[White "Pleshkov, Mikhail1"]
[Black "Heier, Odin Nikolai"]
[Result "0-1"]
[WhiteElo "2002"]
[BlackElo "1966"]
[PlyCount "82"]
[EventDate "2024.10.20"]
[EventType "team-swiss"]
[EventRounds "7"]
[EventCountry "SRB"]
[SourceTitle "CB44_2024"]
[Source "Chessbase"]
[SourceDate "2024.10.30"]
[SourceVersion "1"]
[SourceVersionDate "2024.10.30"]
[SourceQuality "1"]
[WhiteTeam "Perfect"]
[BlackTeam "Oslo 1911"]
[WhiteTeamCountry "MDA"]
[BlackTeamCountry "NOR"]

1. d4 d5 2. Nf3 Nf6 3. e3 e6 4. Bd3 c5 5. b3 Nc6 6. 0-0 Bd6 7. Bb2 0-0 8. Nbd2 b6 9. c4 Bb7 10. Qe2 Rc8 11. Ne5 cxd4 12. exd4 dxc4 13. bxc4 Qc7 14. Nxc6 Qxc6 15. d5 Qd7 16. Bxf6 gxf6 17. Qh5 f5 18. Rae1 Kh8 19. Nf3 Rg8 20. Re3 Rg7 21. Rfe1 Rcg8 22. g3 Bc5 23. R3e2 Qc7 24. Kf1 exd5 25. Bxf5 dxc4 26. Ng5 Bc8 27. Bxh7 Rxg5 28. Qh6 Bf8 29. Qf6+ Kxh7 30. Re4 Bh3+ 31. Ke2 Rg4 32. Qf5+ R8g6 33. Re8 Bg7 34. f3 R4g5 35. Qxh3+ Rh6 36. Qg2 Qd7 37. Kf1 Qd3+ 38. Kg1 Bd4+ 39. Kh1 c3 40. f4 Rxg3 41. Qd5 Rxh2+ 0-1

[Event "Helsingor Xtracon op"]
[Site "Helsingor"]
[Date "2019.07.28"]
[Round "10"]
[White "Bronnum, Jan"]
[Black "Heier, Odin Nikolai"]
[Result "1-0"]
[WhiteElo "2046"]
[BlackElo "1863"]
[PlyCount "119"]
[EventDate "2019.07.20"]
[EventType "swiss"]
[EventRounds "10"]
[EventCountry "DEN"]
[SourceTitle "CBM 191 Extra"]
[Source "ChessBase"]
[SourceDate "2019.09.30"]
[SourceVersion "1"]
[SourceVersionDate "2019.09.30"]
[SourceQuality "1"]

1. d4 d5 2. Bf4 Nf6 3. e3 c5 4. Nc3 a6 5. Nf3 Nc6 6. Ne5 Bf5 7. g4 Be4 8. f3 Bg6 9. h4 cxd4 10. exd4 h5 11. Nxg6 fxg6 12. g5 Ng8 13. Bh3 Kf7 14. Qd3 e6 15. 0-0-0 Nge7 16. Rhe1 Nf5 17. Bxf5 exf5 18. Kb1 Bb4 19. Re3 Qd7 20. Be5 Kg8 21. Ne2 Kh7 22. Nf4 Rhe8 23. c3 Ba5 24. Rde1 Rad8 25. Qc2 Bb6 26. Qb3 Ba7 27. Qd1 Qf7 28. R1e2 Rg8 29. Nd3 Rge8 30. Qe1 Rg8 31. Bf4 Bb8 32. Bxb8 Rxb8 33. Ne5 Qc7 34. Nd3 b6 35. Re6 Rbd8 36. Ne5 Nxe5 37. R6xe5 Rd7 38. Qd1 Rgd8 39. Qa4 Qb7 40. Re6 Rd6 41. Rxd6 Rxd6 42. Qe8 Qc6 43. Kc2 b5 44. Re7 Qxe8 45. Rxe8 a5 46. Kb3 Rd7 47. a4 bxa4+ 48. Kxa4 Rb7 49. b3 Rc7 50. Re3 Rb7 51. Ka3 Rc7 52. f4 Kg8 53. Ka4 Rb7 54. b4 axb4 55. cxb4 Ra7+ 56. Kb5 Ra1 57. Kc6 Rf1 58. b5 Rxf4 59. b6 Rxd4 60. Rb3 1-0

[Event "Helsingor Xtracon op"]
[Site "Helsingor"]
[Date "2019.07.20"]
[Round "1"]
[White "Heier, Odin Nikolai"]
[Black "Keinanen, Toivo"]
[Result "0-1"]
[WhiteElo "1863"]
[BlackElo "2386"]
[PlyCount "80"]
[EventDate "2019.07.20"]
[EventType "swiss"]
[EventRounds "10"]
[EventCountry "DEN"]
[SourceTitle "CBM 191 Extra"]
[Source "ChessBase"]
[SourceDate "2019.09.30"]
[SourceVersion "1"]
[SourceVersionDate "2019.09.30"]
[SourceQuality "1"]

1. d4 d5 2. Bf4 Nf6 3. e3 c5 4. c3 Nc6 5. Nd2 cxd4 6. exd4 Bf5 7. Ngf3 e6 8. Qb3 Qc8 9. h3 Be7 10. Be2 0-0 11. 0-0 a6 12. a4 Ne4 13. Nxe4 Bxe4 14. Nd2 Bg6 15. Rfc1 Qd7 16. Be3 Rac8 17. Qd1 Bd6 18. b4 a5 19. b5 Ne7 20. c4 Nf5 21. c5 Bb8 22. b6 e5 23. Nb3 Qe7 24. dxe5 Qxe5 25. Bf3 Rfe8 26. Qd2 Qh2+ 27. Kf1 Bf4 28. Re1 Rcd8 29. Nd4 Nxd4 30. Qxd4 Be5 31. Qd2 Bxa1 32. Rxa1 Qh1+ 33. Ke2 Qxa1 34. Bxd5 Qe5 35. Bxf7+ Bxf7 36. Qc2 Qd5 37. c6 Qxc6 38. Qxc6 bxc6 39. Kf3 Rb8 40. Bc5 Rb7 0-1

[Event "NOR-ch U18"]
[Site "Larvik"]
[Date "2019.07.13"]
[Round "9"]
[White "Nielsen, Andre"]
[Black "Heier, Odin Nikolai"]
[Result "1-0"]
[WhiteElo "2229"]
[BlackElo "1863"]
[PlyCount "135"]
[EventDate "2019.07.05"]
[EventType "tourn"]
[EventRounds "9"]
[EventCountry "NOR"]
[SourceTitle "EXT 2024"]
[Source "ChessBase"]
[SourceDate "2023.10.10"]
[SourceVersion "1"]
[SourceVersionDate "2023.10.10"]
[SourceQuality "1"]

1. e4 e5 2. Nf3 Nc6 3. Bc4 Bc5 4. c3 Nf6 5. d3 0-0 6. 0-0 d6 7. Nbd2 a6 8. Bb3 Ba7 9. Re1 Ne7 10. Nf1 Ng6 11. Ng3 Bd7 12. d4 c5 13. dxe5 dxe5 14. Bg5 Bg4 15. h3 Qxd1 16. Bxd1 Bxf3 17. Bxf3 Ne8 18. Rad1 Nc7 19. Nf5 Ne6 20. Be3 c4 21. Bxa7 Rxa7 22. Rd7 Rfa8 23. Red1 b5 24. Rxa7 Rxa7 25. g3 Ngf8 26. Rd5 f6 27. Ne3 Ng5 28. Bg2 Nd7 29. h4 Nf7 30. Bh3 Nb6 31. Rc5 Kf8 32. Rc6 Rb7 33. Bc8 Rb8 34. Bxa6 Nd8 35. Rc5 Na4 36. Rxb5 Ra8 37. Bb7 Nxb7 38. Rxb7 Nc5 39. Rc7 Nxe4 40. Rxc4 Nd2 41. Rc7 Rxa2 42. b4 Ne4 43. b5 Rb2 44. c4 Nxf2 45. Nd5 Ne4 46. b6 Rb1+ 47. Kg2 Rb2+ 48. Kf3 Nd2+ 49. Ke3 Ke8 50. b7 Nxc4+ 51. Kd3 Nd6 52. Rc8+ Kd7 53. b8Q Rxb8 54. Rxb8 Ke6 55. Ne3 Nf7 56. Re8+ Kd7 57. Rg8 g6 58. Rg7 Ke8 59. Rxh7 Kf8 60. Ng4 f5 61. Rxf7+ Kxf7 62. Nxe5+ Kf6 63. Nf3 Kg7 64. Ke3 Kh6 65. Kf4 Kh5 66. Nd4 Kh6 67. Nxf5+ Kh5 68. g4# 1-0

[Event "NOR-ch U18"]
[Site "Larvik"]
[Date "2019.07.10"]
[Round "6"]
[White "Heier, Odin Nikolai"]
[Black "Kizatbay, Abyl"]
[Result "0-1"]
[WhiteElo "1863"]
[BlackElo "2216"]
[PlyCount "154"]
[EventDate "2019.07.05"]
[EventType "tourn"]
[EventRounds "9"]
[EventCountry "NOR"]
[SourceTitle "EXT 2024"]
[Source "ChessBase"]
[SourceDate "2023.10.10"]
[SourceVersion "1"]
[SourceVersionDate "2023.10.10"]
[SourceQuality "1"]

1. d4 Nf6 2. Bf4 g6 3. Nf3 Bg7 4. e3 d6 5. Be2 Nh5 6. Bg5 h6 7. Bh4 g5 8. Nfd2 Nf4 9. exf4 gxh4 10. Nf3 h3 11. g3 c5 12. Nc3 cxd4 13. Nxd4 Nc6 14. Nb3 a5 15. a4 0-0 16. Bg4 Nb4 17. f5 Qc7 18. 0-0 Bxc3 19. bxc3 Qxc3 20. Nd4 Nc6 21. Ne2 Qf6 22. Bxh3 Bxf5 23. Bg2 Rac8 24. Qd2 Bg4 25. Rfc1 Ne5 26. Nd4 Kg7 27. Bxb7 Rc4 28. c3 Rb8 29. Bg2 Bh3 30. Bh1 Ng4 31. Nf3 Rbc8 32. Ra3 e5 33. Ne1 e4 34. Bg2 Bxg2 35. Nxg2 Ne5 36. Kh1 Qf3 37. Qe3 Nd3 38. Rf1 Qxe3 39. Nxe3 Rxc3 40. Rxc3 Rxc3 41. Nf5+ Kg6 42. Nxd6 f5 43. Nb7 Rc2 44. Kg1 Ra2 45. Nxa5 Rxa4 46. Nb3 Rc4 47. Nd2 Rc2 48. Nb3 Kf6 49. Nd4 Rb2 50. Nc6 Ra2 51. Nd4 Ke5 52. Nc6+ Kd5 53. Ne7+ Ke6 54. Ng6 Kf6 55. Nh4 Kg5 56. Ng2 Re2 57. Ne3 f4 58. gxf4+ Kxf4 59. Nd1 Kf3 60. Nc3 Rxf2 61. Rd1 Rg2+ 62. Kf1 Rxh2 63. Kg1 Rg2+ 64. Kf1 Rf2+ 65. Kg1 Nf4 66. Kh1 e3 67. Rd8 Rc2 68. Nb5 Kf2 69. Re8 e2 70. Nd4 Rc1+ 71. Kh2 e1Q 72. Rxe1 Rxe1 73. Nf5 Re8 74. Ng7 Rg8 75. Nf5 Rg2+ 76. Kh1 Nh5 77. Ne3 Ng3# 0-1

[Event "NOR-ch U18"]
[Site "Larvik"]
[Date "2019.07.07"]
[Round "3"]
[White "Nordquelle, Daniel"]
[Black "Heier, Odin Nikolai"]
[Result "1-0"]
[WhiteElo "2181"]
[BlackElo "1863"]
[PlyCount "116"]
[EventDate "2019.07.05"]
[EventType "tourn"]
[EventRounds "9"]
[EventCountry "NOR"]
[SourceTitle "EXT 2024"]
[Source "ChessBase"]
[SourceDate "2023.10.10"]
[SourceVersion "1"]
[SourceVersionDate "2023.10.10"]
[SourceQuality "1"]

1. e4 e5 2. Nf3 Nc6 3. Bc4 Bc5 4. 0-0 Nf6 5. d3 0-0 6. Re1 d6 7. c3 a6 8. Nbd2 Ng4 9. Re2 Kh8 10. h3 Nh6 11. Nb3 Ba7 12. Bg5 Ne7 13. d4 f6 14. Bxh6 gxh6 15. Nbd2 b5 16. Bb3 c5 17. Nf1 c4 18. Bc2 Ng6 19. Ng3 Nf4 20. Rd2 Rg8 21. Kh2 Qe8 22. Nh4 Qf7 23. Ne2 Qh5 24. Nxf4 Qxh4 25. g3 Qg5 26. Ng2 Be6 27. Ne3 Rae8 28. Qf3 h5 29. Rg1 h4 30. g4 h5 31. Rdd1 Qf4+ 32. Qxf4 exf4 33. Nf5 hxg4 34. hxg4 Bb8 35. Kh3 Bxf5 36. gxf5 d5 37. Rxg8+ Kxg8 38. f3 Kf7 39. Rg1 dxe4 40. Bxe4 Rd8 41. Rg4 a5 42. Rxh4 Kg7 43. Kg2 b4 44. Rh1 Bc7 45. Re1 Re8 46. Kf2 Rd8 47. Bc6 Kf8 48. Bb5 Bd6 49. Re6 Kg7 50. Re8 Rxe8 51. Bxe8 Kf8 52. Bb5 Ke7 53. Ke2 Bc7 54. Bxc4 Kd6 55. Kd3 bxc3 56. bxc3 Kc6 57. Be6 Bd6 58. c4 Bb8 1-0

[Event "NOR-ch U18"]
[Site "Larvik"]
[Date "2019.07.05"]
[Round "1"]
[White "Opseth, Oliver"]
[Black "Heier, Odin Nikolai"]
[Result "1/2-1/2"]
[WhiteElo "1714"]
[BlackElo "1863"]
[PlyCount "113"]
[EventDate "2019.07.05"]
[EventType "tourn"]
[EventRounds "9"]
[EventCountry "NOR"]
[SourceTitle "EXT 2024"]
[Source "ChessBase"]
[SourceDate "2023.10.10"]
[SourceVersion "1"]
[SourceVersionDate "2023.10.10"]
[SourceQuality "1"]

1. e4 e5 2. f4 d5 3. Nf3 dxe4 4. Nxe5 Nd7 5. d4 exd3 6. Bxd3 Ngf6 7. Qe2 Be7 8. Nc3 0-0 9. Be3 c6 10. 0-0-0 Qc7 11. Nxd7 Bxd7 12. g4 Bxg4 13. Qg2 Bxd1 14. Rxd1 Bd6 15. Rg1 g6 16. Qg5 Nd5 17. Nxd5 cxd5 18. f5 Be5 19. h4 Qd8 20. Qg4 Bg7 21. h5 Qd6 22. Qh3 Rae8 23. hxg6 fxg6 24. fxg6 h6 25. Kd1 Qf6 26. Rf1 Qxb2 27. Rxf8+ Rxf8 28. Qe6+ Kh8 29. Qxd5 Qa1+ 30. Bc1 Bb2 31. g7+ Bxg7 32. Qe4 Kg8 33. Qh7+ Kf7 34. Qe4 Kg8 35. Qh7+ Kf7 36. Bc4+ Kf6 37. Qd3 Qe5 38. Qf3+ Ke7 39. Qxb7+ Kd8 40. Qa8+ Kc7 41. Qxa7+ Kd8 42. Qb6+ Qc7 43. Qb3 Qd7+ 44. Ke1 Qe7+ 45. Be3 Qh4+ 46. Kd2 Qh2+ 47. Be2 Qd6+ 48. Kc1 Rf6 49. a4 Re6 50. Bg4 Rf6 51. Be2 Re6 52. Bg4 Rf6 53. Qc4 Qa3+ 54. Kd2 Qd6+ 55. Kc1 Qa3+ 56. Kd2 Qd6+ 57. Kc1 1/2-1/2

[Event "NOR-ch U20"]
[Site "Sarpsborg"]
[Date "2018.07.08"]
[Round "3"]
[White "Heier, Odin Nikolai"]
[Black "Lund, Gunnar"]
[Result "0-1"]
[WhiteElo "1802"]
[BlackElo "2216"]
[PlyCount "60"]
[EventDate "2018.07.07"]
[EventType "swiss"]
[EventRounds "9"]
[EventCountry "NOR"]
[SourceTitle "EXT 2024"]
[Source "ChessBase"]
[SourceDate "2023.10.10"]
[SourceVersion "1"]
[SourceVersionDate "2023.10.10"]
[SourceQuality "1"]

1. d4 Nf6 2. Bf4 d5 3. e3 c5 4. c3 Nc6 5. Nd2 e6 6. Ngf3 Bd6 7. Bg3 0-0 8. Bd3 b6 9. e4 dxe4 10. Nxe4 Nxe4 11. Bxe4 Bb7 12. Qd2 f5 13. Bc2 cxd4 14. Bxd6 Qxd6 15. cxd4 Rfd8 16. Rd1 Nb4 17. Bb3 Bxf3 18. gxf3 Kh8 19. a3 Nc6 20. d5 exd5 21. Bxd5 Qe5+ 22. Kf1 Rac8 23. f4 Qf6 24. Qe3 Ne7 25. Bf3 Rxd1+ 26. Bxd1 Ng6 27. Qd2 Rd8 28. Qc1 Qd4 29. Bc2 Qc4+ 30. Ke1 Nxf4 0-1

[Event "Oslo Stjernens op"]
[Site "Oslo"]
[Date "2017.06.17"]
[Round "5"]
[White "Unneland, Mathias"]
[Black "Heier, Odin Nikolai"]
[Result "0-1"]
[WhiteElo "1851"]
[BlackElo "1771"]
[PlyCount "88"]
[EventDate "2017.06.16"]
[EventType "swiss"]
[EventRounds "6"]
[EventCountry "NOR"]
[SourceTitle "EXT 2018"]
[Source "ChessBase"]
[SourceDate "2017.10.13"]
[SourceVersion "1"]
[SourceVersionDate "2017.10.13"]
[SourceQuality "1"]

1. e4 e5 2. Nf3 Nc6 3. d4 exd4 4. Bc4 Nf6 5. Bg5 h6 6. Bxf6 Qxf6 7. 0-0 d6 8. h3 Be7 9. c3 Ne5 10. cxd4 Nxf3+ 11. Qxf3 Qxf3 12. gxf3 Bxh3 13. Re1 0-0 14. Kh2 Be6 15. Bd3 Bf6 16. e5 dxe5 17. dxe5 Bg5 18. Kg3 Be7 19. f4 Rad8 20. Be4 Bc8 21. Nc3 c6 22. Rh1 Rd2 23. Rag1 Rxb2 24. f5 Bc5 25. Nd1 Rxa2 26. f6 Bd4 27. Kf3 g6 28. Rxh6 Bxe5 29. Ne3 Bxf6 30. Bd3 Be6 31. Bf5 Bxf5 32. Nxf5 Ra5 33. Rh5 Ra3+ 34. Kf4 Rd8 35. Ne3 Kf8 36. Rh7 Rd4+ 37. Kf3 Rh4 38. Rxh4 Bxh4 39. Rb1 b6 40. Ke4 Bxf2 41. Nc2 Ra4+ 42. Ke5 Bg3+ 43. Kf6 Ra5 44. Rh1 Rf5# 0-1

[Event "Oslo Stjernens op"]
[Site "Oslo"]
[Date "2017.06.16"]
[Round "2"]
[White "Nordquelle, Daniel"]
[Black "Heier, Odin Nikolai"]
[Result "0-1"]
[WhiteElo "2143"]
[BlackElo "1771"]
[PlyCount "92"]
[EventDate "2017.06.16"]
[EventType "swiss"]
[EventRounds "6"]
[EventCountry "NOR"]
[SourceTitle "EXT 2018"]
[Source "ChessBase"]
[SourceDate "2017.10.13"]
[SourceVersion "1"]
[SourceVersionDate "2017.10.13"]
[SourceQuality "1"]

1. e4 e5 2. Nf3 Nc6 3. Bc4 Nf6 4. d3 Bc5 5. 0-0 0-0 6. a4 a6 7. h3 h6 8. Re1 d6 9. c3 Re8 10. b4 Bb6 11. Nbd2 Be6 12. Bxe6 Rxe6 13. Nc4 Ba7 14. Qb3 Ne7 15. Rb1 Ng6 16. g3 c6 17. Bd2 Nd7 18. Ne3 Nf6 19. c4 Qd7 20. b5 axb5 21. axb5 Bc5 22. Nc2 d5 23. exd5 cxd5 24. Bb4 Bxb4 25. Qxb4 e4 26. dxe4 dxe4 27. Red1 Qc8 28. Nfd4 Re8 29. Kg2 Ne5 30. Ne3 Nd3 31. Qb3 Qc5 32. Ne2 Ra3 33. Qc2 Nxf2 34. Rf1 Qxe3 35. Rxf2 Rd8 36. Rb2 Rdd3 37. c5 Nd5 38. c6 Qb6 39. Kg1 Rf3 40. Nf4 Rxg3+ 41. Ng2 Rxg2+ 42. Kxg2 Ne3+ 43. Kh2 Nxc2 44. Rfxc2 Qc7+ 45. Kg2 Qg3+ 46. Kf1 Ra1+ 0-1

[Event "Oslo Sveins op 9th"]
[Site "Oslo"]
[Date "2016.06.24"]
[Round "1"]
[White "Heier, Odin Nikolai"]
[Black "Kvisvik, Brede Alexander"]
[Result "0-1"]
[WhiteElo "1790"]
[BlackElo "2287"]
[PlyCount "106"]
[EventDate "2016.06.24"]
[EventType "swiss"]
[EventRounds "9"]
[EventCountry "NOR"]
[SourceTitle "CBM 173 Extra"]
[Source "ChessBase"]
[SourceDate "2016.08.29"]
[SourceVersion "1"]
[SourceVersionDate "2016.08.29"]
[SourceQuality "1"]

1. e4 e6 2. d4 d5 3. Nc3 Bb4 4. exd5 exd5 5. Bd3 Nc6 6. a3 Bxc3+ 7. bxc3 Nf6 8. Ne2 0-0 9. 0-0 Ne7 10. Ng3 h6 11. h3 Be6 12. Qf3 Ne8 13. Bf4 Qd7 14. Rab1 c6 15. Rfe1 b6 16. Be5 f6 17. Bf4 g5 18. Bd2 Ng7 19. a4 Rae8 20. Ra1 Nef5 21. Nxf5 Bxf5 22. Bxf5 Qxf5 23. Qxf5 Nxf5 24. a5 b5 25. Kf1 Kf7 26. Bc1 Rxe1+ 27. Kxe1 Nd6 28. Ba3 Re8+ 29. Kf1 Ne4 30. Bb4 Nd2+ 31. Kg1 a6 32. Rc1 h5 33. g3 Re2 34. Kg2 Ne4 35. Rf1 Rxc2 36. Kg1 Nxc3 37. Re1 Rc1 38. Rxc1 Ne2+ 39. Kg2 Nxc1 40. Kf3 Nd3 41. Bc3 c5 42. Ke3 c4 43. Kd2 b4 44. Ba1 Nxf2 45. h4 Ne4+ 46. Ke3 Nxg3 47. hxg5 fxg5 48. Kf3 Ne4 49. Ke2 c3 50. Kd1 b3 51. Kc1 b2+ 52. Bxb2 cxb2+ 53. Kxb2 h4 0-1

[Event "Oslo Sveins op 9th"]
[Site "Oslo"]
[Date "2016.06.24"]
[Round "5"]
[White "Heier, Odin Nikolai"]
[Black "Naess, Maria"]
[Result "1-0"]
[WhiteElo "1790"]
[BlackElo "1574"]
[PlyCount "29"]
[EventDate "2016.06.24"]
[EventType "swiss"]
[EventRounds "9"]
[EventCountry "NOR"]
[SourceTitle "CBM 173 Extra"]
[Source "ChessBase"]
[SourceDate "2016.08.29"]
[SourceVersion "1"]
[SourceVersionDate "2016.08.29"]
[SourceQuality "1"]

1. e4 e5 2. Nf3 Nc6 3. Bb5 a6 4. Ba4 b5 5. Bb3 Bc5 6. 0-0 d6 7. c3 Nf6 8. h3 Nxe4 9. Bd5 Bb7 10. Bxe4 d5 11. Bc2 0-0 12. Nxe5 Nxe5 13. d4 Bd6 14. dxe5 Bxe5 15. Qh5 1-0

[Event "NOR-ch U16-A"]
[Site "Oslo"]
[Date "2015.07.11"]
[Round "9"]
[White "Heier, Odin Nikolai"]
[Black "Greibrokk, Ingrid Andrea"]
[Result "0-1"]
[WhiteElo "1707"]
[BlackElo "1649"]
[PlyCount "62"]
[EventDate "2015.07.04"]
[EventType "swiss"]
[EventRounds "9"]
[EventCountry "NOR"]
[SourceTitle "EXT 2017"]
[Source "ChessBase"]
[SourceDate "2016.10.25"]
[SourceVersion "1"]
[SourceVersionDate "2016.10.25"]
[SourceQuality "1"]

1. e4 c5 2. Nf3 d6 3. d4 cxd4 4. Nxd4 Nf6 5. Nc3 g6 6. Be3 Bg7 7. f3 0-0 8. Qd2 Nc6 9. 0-0-0 Nxd4 10. Bxd4 Be6 11. g4 Qa5 12. a3 a6 13. h4 b5 14. h5 b4 15. Nb1 Rab8 16. hxg6 fxg6 17. Bd3 Qa4 18. g5 bxa3 19. Nxa3 Qxd4 20. c3 Qc5 21. gxf6 Rxf6 22. Nc2 Rxf3 23. Rdg1 Rf2 24. Qe1 Qb6 25. b4 Rc8 26. e5 Bxe5 27. Bxg6 hxg6 28. Rxg6+ Kf7 29. Qg1 Rxc3 30. Rh7+ Kf8 31. Rxe6 Rfxc2+ 0-1

[Event "NOR-ch U16-A"]
[Site "Oslo"]
[Date "2015.07.09"]
[Round "7"]
[White "Bo, Torgeir H"]
[Black "Heier, Odin Nikolai"]
[Result "0-1"]
[WhiteElo "1354"]
[BlackElo "1707"]
[PlyCount "70"]
[EventDate "2015.07.04"]
[EventType "swiss"]
[EventRounds "9"]
[EventCountry "NOR"]
[SourceTitle "EXT 2017"]
[Source "ChessBase"]
[SourceDate "2016.10.25"]
[SourceVersion "1"]
[SourceVersionDate "2016.10.25"]
[SourceQuality "1"]

1. g3 d5 2. Bg2 Nf6 3. c4 e6 4. b3 Be7 5. Bb2 b6 6. Nf3 Bb7 7. 0-0 0-0 8. Qc2 Nbd7 9. h4 c5 10. Na3 d4 11. e3 e5 12. exd4 exd4 13. Rfe1 Re8 14. h5 h6 15. Re2 Nb8 16. Ne5 Bxg2 17. Kxg2 Bd6 18. Rae1 Rxe5 19. Rxe5 Bxe5 20. Rxe5 Nc6 21. Re1 Qd7 22. d3 Nxh5 23. Qe2 Nf6 24. Qf3 Rc8 25. Nc2 Ng4 26. Qe4 Nf6 27. Qf3 Nh7 28. Bc1 Nd8 29. Qh5 Ne6 30. Bd2 Neg5 31. Bf4 Nf6 32. Qd1 Qh3+ 33. Kg1 Ng4 34. Qe2 Qh2+ 35. Kf1 Qh1# 0-1

[Event "NOR-ch U16-A"]
[Site "Oslo"]
[Date "2015.07.07"]
[Round "5"]
[White "Fossan, Andreas"]
[Black "Heier, Odin Nikolai"]
[Result "1/2-1/2"]
[WhiteElo "1813"]
[BlackElo "1707"]
[PlyCount "75"]
[EventDate "2015.07.04"]
[EventType "swiss"]
[EventRounds "9"]
[EventCountry "NOR"]
[SourceTitle "EXT 2017"]
[Source "ChessBase"]
[SourceDate "2016.10.25"]
[SourceVersion "1"]
[SourceVersionDate "2016.10.25"]
[SourceQuality "1"]

1. d4 d5 2. c4 e6 3. Nc3 Nf6 4. cxd5 exd5 5. Bg5 Nbd7 6. e3 Be7 7. Bd3 0-0 8. Qc2 b6 9. Nf3 Bb7 10. 0-0 h6 11. Bh4 Rc8 12. Nb5 a6 13. Na7 Ra8 14. Nc6 Bxc6 15. Qxc6 Ra7 16. Rac1 Nb8 17. Qc3 Nbd7 18. b4 Ne4 19. Bxe7 Qxe7 20. Qb3 Qd6 21. Rfd1 Nef6 22. Rc3 c5 23. bxc5 bxc5 24. Qa3 Rc8 25. Rdc1 Rac7 26. Qxa6 Qxa6 27. Bxa6 Ra8 28. Bb5 Rxa2 29. dxc5 Ne4 30. R3c2 Rxc2 31. Rxc2 Rxc5 32. Rxc5 Ndxc5 33. Kf1 Kf8 34. Nd4 Ke7 35. f3 Nc3 36. Bc6 Ne6 37. Nb3 Kd6 38. Be8 1/2-1/2

[Event "NOR-ch U16-A"]
[Site "Oslo"]
[Date "2015.07.06"]
[Round "4"]
[White "Heier, Odin Nikolai"]
[Black "Lindbol, Aleksander"]
[Result "0-1"]
[WhiteElo "1707"]
[BlackElo "1618"]
[PlyCount "86"]
[EventDate "2015.07.04"]
[EventType "swiss"]
[EventRounds "9"]
[EventCountry "NOR"]
[SourceTitle "EXT 2017"]
[Source "ChessBase"]
[SourceDate "2016.10.25"]
[SourceVersion "1"]
[SourceVersionDate "2016.10.25"]
[SourceQuality "1"]

1. e4 c6 2. d4 d5 3. e5 Bf5 4. g4 Bc8 5. c4 e6 6. Nc3 b6 7. cxd5 exd5 8. h4 Bb7 9. Bg2 Na6 10. f4 Qc7 11. Be3 0-0-0 12. a3 Kb8 13. b4 Re8 14. Rc1 Qd7 15. Bf3 Nc7 16. Qb3 f6 17. a4 Nh6 18. g5 fxe5 19. fxe5 Nf5 20. Bf2 Ba6 21. b5 cxb5 22. axb5 Nxb5 23. Nxb5 Bxb5 24. Bxd5 Bb4+ 25. Qxb4 Qxd5 26. Rh3 Qe4+ 27. Kd1 Rxe5 28. Rc2 Rd8 29. Kc1 Nxd4 30. Bxd4 Rxd4 31. Qf8+ Re8 32. Qf2 Ba4 33. Rd2 Rc8+ 34. Kb2 Rxd2+ 35. Qxd2 Rc2+ 36. Qxc2 Qxc2+ 37. Ka3 a5 38. Rf3 b5 39. Rf8+ Kc7 40. Rf7+ Kd8 41. Rf8+ Ke7 42. Rf7+ Kxf7 43. g6+ Ke7 0-1

[Event "NOR-ch U16-A"]
[Site "Oslo"]
[Date "2015.07.05"]
[Round "1"]
[White "Huse, Sigurd Kjelsbol"]
[Black "Heier, Odin Nikolai"]
[Result "0-1"]
[WhiteElo "1535"]
[BlackElo "1707"]
[PlyCount "52"]
[EventDate "2015.07.04"]
[EventType "swiss"]
[EventRounds "9"]
[EventCountry "NOR"]
[SourceTitle "EXT 2017"]
[Source "ChessBase"]
[SourceDate "2016.10.25"]
[SourceVersion "1"]
[SourceVersionDate "2016.10.25"]
[SourceQuality "1"]

1. e4 e5 2. Nf3 Nc6 3. Bb5 a6 4. Bxc6 dxc6 5. 0-0 Bg4 6. h3 Bh5 7. g4 Bg6 8. Nxe5 Qh4 9. Qf3 f6 10. Nxg6 hxg6 11. Kg2 Bd6 12. d3 Ne7 13. Nc3 g5 14. Rh1 0-0-0 15. Be3 Kb8 16. d4 Ng6 17. Ne2 Qh7 18. Bxg5 fxg5 19. Qd3 Bf4 20. c4 Rhe8 21. f3 Be5 22. d5 Nh4+ 23. Kg1 cxd5 24. cxd5 c6 25. Nc3 cxd5 26. Nxd5 Bd4+ 0-1

[Event "Oslo Sveins op 7th"]
[Site "Oslo"]
[Date "2014.06.20"]
[Round "1"]
[White "Hansen, Lars Henrik Bech"]
[Black "Heier, Odin Nikolai"]
[Result "1-0"]
[WhiteElo "2027"]
[BlackElo "1529"]
[PlyCount "101"]
[EventDate "2014.06.20"]
[EventType "swiss"]
[EventRounds "9"]
[EventCountry "NOR"]
[SourceTitle "EXT 2015"]
[Source "ChessBase"]
[SourceDate "2014.11.20"]
[SourceVersion "1"]
[SourceVersionDate "2014.11.20"]
[SourceQuality "1"]

1. e4 e5 2. Nf3 Nc6 3. d4 exd4 4. Bc4 Bc5 5. c3 dxc3 6. Bxf7+ Kxf7 7. Qd5+ Ke8 8. Qxc5 d6 9. Qxc3 Qe7 10. 0-0 Nf6 11. Re1 Be6 12. Na3 Kd7 13. Bf4 Rae8 14. b4 Kc8 15. Rac1 Kb8 16. b5 Nd8 17. b6 c6 18. Qb4 Nf7 19. bxa7+ Ka8 20. Rb1 d5 21. Qa5 Nxe4 22. Rec1 Nfd6 23. Nd4 Bd7 24. f3 Nf6 25. Qb6 Nb5 26. Ndxb5 cxb5 27. Rc7 Bc6 28. Rxe7 Rxe7 29. Nxb5 Bxb5 30. Qxb5 Rhe8 31. a4 Nh5 32. Bd6 Re1+ 33. Rxe1 Rxe1+ 34. Kf2 Re6 35. Qd7 Rxd6 36. Qxd6 Kxa7 37. Qxd5 Nf6 38. Qc5+ Kb8 39. Qf8+ Ka7 40. Qxg7 Ne8 41. Qe7 h5 42. Qxe8 Kb6 43. Qb5+ Kc7 44. Qxh5 Kb8 45. f4 b6 46. Qf7 b5 47. axb5 Kc8 48. h4 Kd8 49. g3 Kc8 50. g4 Kd8 51. b6 1-0

[Event "Fagernes Norsk op-B"]
[Site "Fagernes"]
[Date "2014.04.13"]
[Round "3"]
[White "Berntsen Oybo, August"]
[Black "Heier, Odin Nikolai"]
[Result "1/2-1/2"]
[WhiteElo "1545"]
[BlackElo "1488"]
[PlyCount "63"]
[EventDate "2014.04.13"]
[EventType "swiss"]
[EventRounds "9"]
[EventCountry "NOR"]
[SourceTitle "EXT 2016"]
[Source "ChessBase"]
[SourceDate "2015.10.08"]
[SourceVersion "1"]
[SourceVersionDate "2015.10.08"]
[SourceQuality "1"]

1. e4 e5 2. Nf3 Nc6 3. d4 exd4 4. Nxd4 Bc5 5. Be3 Qf6 6. c3 Nge7 7. Bc4 0-0 8. 0-0 Bb6 9. Bb3 Rd8 10. Nc2 d6 11. Nd2 Be6 12. f4 Bxb3 13. axb3 Ng6 14. Qf3 Re8 15. Rae1 Qe7 16. Qg3 Qd7 17. Bxb6 axb6 18. Ne3 Nge7 19. Ng4 Kh8 20. f5 f6 21. Qh4 Rf8 22. Rf3 Ng8 23. Rh3 h6 24. Nf3 Ne5 25. Ngxe5 dxe5 26. Qg3 Qf7 27. Nh4 Rfd8 28. Ng6+ Kh7 29. b4 Ra2 30. Qf2 Qb3 31. Rd3 Rxd3 32. Nf8+ 1/2-1/2